000 02050cam a22003854i 4500
003 PE-LiUPU
005 20250731184059.0
008 171018s2017 pe r 000 0 spa d
035 _a(Sirsi) a239822
040 _aPE-LiUPU
_bspa
_cPE-LiUPU
_erda
049 _aPRUA
082 0 4 _a869.5608
_bD67
_220
100 1 _aVargas Diaz, Ynmer,
_eautor.
245 1 0 _aClarinadas /
_cYnmer Vargas Diaz.
250 _a1a edición.
264 1 _aLambayeque :
_bimpresiones gráficas,
_c2017.
300 _a165 páginas ;
_c20 centímetros.
336 _atext
_2rdacontent
337 _aunmediated
_2rdamedia
338 _avolume
_2rdacarrier
505 0 _aAdios a las armas -- Armagedón -- El himno de Bagua, una vez más -- Crisis de liderazgo -- Curiosidades de la politica -- De botines y repartijas -- Educación y sicariato -- El ocaso de la pluma -- El ocaso de su pluma -- El poder de los poderes -- ¿Entiendes lo que lees? -- Eros y porneía: arte y pecado -- Guayamil: el cacique Bagua -- Inclusión que excluye -- Infernos: el destino de todos -- La complicidad del silencio -- La hora crucial de la democracia -- Unión civil: una visión integral -- Otro gato en la oscuridad -- A sies años del Baguazo -- La política en el Perú depués de Fujimori -- ¿Por quién doblan las campanas? -- Poroún porosis: dureza del corazón -- Pronabec: la ruta asiática -- Transferencia y desgobierno.
526 _aP145
526 _aP127
526 _aP97
526 _aP14
526 _aP07
650 0 4 _aInvestigación académica.
910 _adbm
_bksl
_cksl
_d20171018
942 _2ddc
_cBOOK
994 _aC0
_bPEPRU
596 _a1
999 _a869.5608 D67
_wLC
_c25499
_i76862
_d25499
_f2021-11-9
_g4
_lCCODEBUL1
_mBUL
_p20.00
_q1
_r0
_sY
_tBOOK
_u2017-10-18
_xEDUCACION
_zEDPRIM
999 _a869.5608 D67
_wLC
_c2
_i76863
_f2021-11-9
_g4
_lCCODEBUL1
_mBUL
_p20.00
_r0
_sY
_tBOOK
_u2017-10-19
_xEDUCACION
_zEDPRIM
980 _81
_gALBERTO SANCHEZ Responsable de Automatización